Classement World Rugby Masculin 2026 - Statistiques

Statistiques générales
  • Ce quiz a été pris 89 fois
  • Le résultat moyen est 32 sur 50
Statistiques - réponses
Hint Réponse Points % Correct
4 France 87.03
100%
6 Angleterre 84.34
99%
3 Irlande 88.89
99%
2 Nouvelle Zélande 90.33
99%
1 Afrique du sud 93.94
98%
10 Italie 81.09
98%
7 Ecosse 83.08
96%
12 Pays de Galles 73.62
95%
5 Argentine 84.97
94%
17 Espagne 67.49
94%
8 Australie 81.53
90%
9 Fidji 81.14
90%
15 Etats Unis 68.26
89%
25 Canada 58.75
88%
16 Portugal 68.11
86%
11 Japon 74.09
85%
33 Allemagne 51.88
83%
32 Russie 52.06
83%
20 Samoa 66.43
77%
14 Uruguay 69.19
77%
18 Chili 66.72
75%
26 Namibie 56.96
74%
19 Tonga 66.66
74%
13 Géorgie 73.48
73%
22 Belgique 60.07
72%
35 Brésil 51.50
72%
28 Pays Bas 55.49
72%
21 Roumanie 60.69
67%
27 Suisse 56.43
67%
42 Algérie 45.82
64%
39 Maroc 47.54
64%
30 Pologne 53.77
64%
38 Méxique 47.57
63%
34 Suède 51.88
54%
41 Colombie 47.11
51%
31 Paraguay 52.15
48%
24 Zimbabwe 58.80
47%
45 Tunisie 45.56
46%
44 Sénégal 45.72
43%
23 Hong Kong 59.61
42%
29 République Tchèque 54.78
38%
36 Kenya 50.09
32%
43 Madagascar 45.76
21%
50 Malte 44.75
14%
49 Ouganda 45.12
14%
40 Emirats Arabes Unis 47.45
12%
37 Corée du Nord 49.29
10%
46 Sri Lanka 45.53
10%
48 Trinité et Tobago 45.18
10%
47 Iles Caïmans 45.38
1%
Aucun quiz correspondant
Distribution des résultats
% des personnes avec chaque résultat
Percentile par nombre de réponses
Votre historique - résultats
Vous n’avez pas pris ce quiz